000 00348nam a2200145Ia 4500
003 OSt
008 191201s1997 xx 000 0 und d
082 _a621.382
_bKOE
100 _aKORNYSHEV, A.A
245 0 _aElectron and Ion Transfer in Condensed Media
260 _bWorld scientific
_c1997
300 _a414
650 _aApplied
942 _2ddc
_cBK
999 _c638
_d638